Statystyki dla Stolice Afryki (Bardzo Trudne)

Kliknij tutaj aby rozwiązać quiz!

Ogólne statystyki

  • Ten quiz został rozwiązany 49 razy
    (38 od ostatniego zresetowania)
  • Średni wynik to 34 z 67

Statystyki odpowiedzi

KrajStolica% Poprawnych
KeniaNairobi
78%
Republika Południowej AfrykiPretoria/ Kapsztad/ Bloemfontein
78%
LibiaTrypolis
78%
EtiopiaAddis Abeba
72%
GhanaAkra
72%
AlgieriaAlgier
72%
SenegalDakar
72%
GabonLibreville
72%
NigerNiamey
72%
MarokoRabat
72%
SudanChartum
67%
DżibutiDżibuti
67%
Sudan PołudniowyDżuba
67%
BotswanaGaborone
67%
ZimbabweHarare
67%
EgiptKair
67%
TunezjaTunis
67%
NigeriaAbudża
61%
MaliBamako
61%
Republika ŚrodkowoafrykańskaBangi
61%
Gwinea BissauBissau
61%
TanzaniaDodoma
61%
MalawiLilongwe
61%
TogoLome
61%
AngolaLuanda
61%
MadagaskarAntananarywa
56%
ErytreaAsmara
56%
KongoBrazzaville
56%
KamerunJaunde
56%
RwandaKigali
56%
LesothoMaseru
56%
SomaliaMogadiszu
56%
KomoryMoroni
56%
CzadNdżamena
56%
Republika Zielonego PrzylądkaPraia
56%
SeszeleVictoria
56%
Burkina FasoWagadugu
56%
NamibiaWindhuk
56%
GambiaBandżul
50%
BurundiGitega
50%
Wybrzeże Kości SłoniowejJamusukro
50%
UgandaKampala
50%
Demokratyczna Republika KongaKinszasa
50%
ZambiaLusaka
50%
Gwinea RównikowaMalabo
50%
MozambikMaputo
50%
EswatiniMbabane
50%
BeninPorto-Novo
50%
Wyspy Świętego Tomasza i KsiążecaSao Tome
50%
Sierra LeoneFreetown
44%
GwineaKonakry
44%
MauritiusPort Louis
44%
MauretaniaNawakszut
39%
Jemen (Sokotra)Sana
33%
Portugalia (Madera)Lizbona
28%
Hiszpania (Wyspy Kanaryjskie)Madryt
28%
LiberiaMonrovia
28%
Włochy (Wyspy Pelagijskie)Rzym
28%
Sahara ZachodniaAl-Ujun
17%
ZanzibarZanzibar
17%
Tristan da CunhaEdinburgh of the Seven Seas
11%
Wyspa WniebowstąpieniaGeorgetown
11%
SomalilandHargejsa
11%
Wyspa Świętej HelenyJamestown
11%
MajottaMamoudzou
11%
ReunionSaint Denis
11%
Francuskie Terytoria Południowe i AntarktyczneSaint Pierre
6%

Rozkład punktacji

Percentyl według liczby udzielonych odpowiedzi

Procent ludzi z każdym wynikiem

Twoja historia wyników

Nie rozwiązałeś tego quizu od ostatniego zresetowania